| 000 | 00819nac a22002171u 4500 | ||
|---|---|---|---|
| 010 | _a 51021642 | ||
| 035 | _a(OCoLC)1665590 | ||
| 082 |
_a671 _bP2751 |
||
| 090 |
_c3616 _d3616 |
||
| 100 | _aPartridge, John Henry. | ||
| 245 | 1 | 0 |
_aGlass-to-metal seals. _cWith a foreword by W. E. S. Turner. |
| 260 |
_aSheffield [Eng.] _bSociety of glass Technology,1949 _c1949. |
||
| 300 |
_axii, 238 p. _billus. (part col.) _c22 cm. |
||
| 490 | 0 | _aMonographs on glass technology | |
| 500 | _aDonations | ||
| 500 | _aDonations-Bibliotheca Alexandrina | ||
| 650 | 0 | _aGlass-metal sealing. | |
| 830 | 0 | _aMonographs on glass technology (Sheffield, Eng., Society of Glass Technology) | |
| 942 |
_cBB _k671P2751 |
||
| 999 |
_c3616 _d3616 |
||